000
00328nam a2200145Ia 4500
999
_c
14137
_d
14137
003
OSt
005
20260323152711.0
008
260210s9999 xx 000 0 und d
020
_a
9787532615032
082
_a
747.885
100
_a
Rihan
245
0
_a
Trends of Interior Office, Vol. 6
260
_b
Rihan
942
_c
BDES
_2
ddc